[Event "36th Olympiad"]
[Site "Calvia ESP"]
[Date "2004.10.20"]
[Round "6"]
[White "Mosquera,M"]
[Black "Agrest,E"]
[Result "1/2-1/2"]
[WhiteElo "2394"]
[BlackElo "2604"]

1.e4 c5 2.Nf3 d6 3.d4 cxd4 4.Nxd4 Nf6 5.Nc3 a6 6.f3 e6 7.Be3 b5 8.g4 b4 9.Nce2 h6
10.Qd2 e5 11.Nf5 d5 12.exd5 Qxd5 13.Bg2 Bb7 14.Qxd5 Nxd5 15.O-O-O g6 16.f4 Nxe3
17.Nxe3 Bxg2 18.Nxg2 Nc6 19.Rd5 Bg7 20.Rhd1 O-O 21.f5 gxf5 22.gxf5 Ne7 23.Rd7 Nxf5
24.Rf1 Nd4 25.Nxd4 exd4 26.Nh4 Rad8 27.Rxd8 Rxd8 28.Nf5 Kh7 29.Nxg7 Kxg7
30.Kd2 Rd5 31.Kd3 Rh5 32.Rh1 Rh4 33.Kc4 d3+ 34.Kxd3 f5 35.Rf1 Kf6 36.Rf2 Ke5
37.c3 bxc3 38.bxc3 Rh3+ 39.Kd2 f4 40.Re2+ Kf5 41.Rf2 a5 42.a4 Kg4 43.c4 Ra3
44.c5 Rxa4 45.Kd3 Kf5 46.c6 Re4 47.c7 Re8 48.Ra2 Rc8 49.Rxa5+  1/2-1/2

[Event "36th Olympiad"]
[Site "Calvia ESP"]
[Date "2004.10.22"]
[Round "7"]
[White "Parligras,M"]
[Black "Acs,P"]
[Result "0-1"]
[WhiteElo "2559"]
[BlackElo "2521"]

1.e4 c5 2.Nf3 d6 3.d4 cxd4 4.Nxd4 Nf6 5.Nc3 a6 6.f3 e5 7.Nb3 Be6 8.Be3 Nbd7
9.g4 Nb6 10.g5 Nh5 11.Qd2 Be7 12.O-O-O O-O 13.Kb1 Rc8 14.Rg1 Qc7 15.Qf2 Bd8
16.h4 g6 17.f4 Nxf4 18.Bxf4 exf4 19.Qxf4 Na4 20.Rg3 Nxc3+ 21.Rxc3 Qe7 22.Rf3 Bc7
23.Nd4 Bd7 24.Re3 Rfe8 25.h5 d5 26.Qh4 dxe4 27.Bc4 Bg3 28.Bxf7+ Qxf7 29.Rxg3 e3
30.Rf3 e2 31.Re1 Qd5 32.hxg6 hxg6 33.Rf6 Bf5 34.Qf4 Re4 35.Nxf5 gxf5 36.Qc1 Rd4
37.Rg6+ Kf7 38.Rf6+ Kg7 39.Rxe2 Rd1 40.Re7+ Kg8 41.Rg6+ Kf8 42.Rh7 Qd2  0-1

[Event "Essent Open"]
[Site "Hoogeveen NED"]
[Date "2004.10.22"]
[Round "8"]
[White "Zhang Pengxiang"]
[Black "L'Ami,E"]
[Result "1-0"]
[WhiteElo "2519"]
[BlackElo "2516"]

1.e4 c5 2.Nf3 d6 3.d4 cxd4 4.Nxd4 Nf6 5.Nc3 a6 6.f3 e6 7.Be3 b5 8.g4 h6 9.Qd2 Nbd7
10.O-O-O Bb7 11.h4 b4 12.Na4 d5 13.Bh3 dxe4 14.g5 hxg5 15.hxg5 exf3 16.Nxe6 fxe6
17.Bf5 exf5 18.Rxh8 Ng4 19.Nc5 Nxc5 20.Qxd8+ Rxd8 21.Rxd8+ Kxd8 22.Rxf8+ Kd7
23.Bxc5 Ke6 24.Kd2 Ke5 25.Ke1 Kf4 26.Rf7 Be4 27.Rxg7 Kg3 28.g6 f4 29.Rg8 f2+
30.Bxf2+ Nxf2 31.g7 Ng4 32.Re8 Bd5 33.g8=Q Bxg8 34.Rxg8 f3 35.Rf8 Ne3 36.c3 bxc3
37.bxc3 Nd5 38.c4 Nb4 39.c5 Nd3+ 40.Kd2 Nxc5 41.Ke3  1-0

[Event "36th Olympiad"]
[Site "Calvia ESP"]
[Date "2004.10.23"]
[Round "8"]
[White "Manik,M"]
[Black "Kanep,M"]
[Result "1/2-1/2"]
[WhiteElo "2510"]
[BlackElo "2475"]

1.e4 c5 2.Nf3 d6 3.d4 cxd4 4.Nxd4 Nf6 5.Nc3 a6 6.f3 b5 7.Be3 Bb7 8.Qd2 Nbd7
9.g4 e5 10.Nf5 b4  1/2-1/2

[Event "Essent Open"]
[Site "Hoogeveen NED"]
[Date "2004.10.23"]
[Round "9"]
[White "Erenburg,S"]
[Black "Smeets,J"]
[Result "1-0"]
[WhiteElo "2537"]
[BlackElo "2515"]

1.e4 c5 2.Nf3 d6 3.d4 Nf6 4.Nc3 cxd4 5.Nxd4 a6 6.f3 e5 7.Nb3 Be6 8.Be3 Nbd7
9.Qd2 b5 10.O-O-O Qc7 11.g4 Nb6 12.g5 Nfd7 13.f4 g6 14.Kb1 Nc4 15.Bxc4 Qxc4
16.Na5 Qc8 17.Nd5 Bg7 18.Qb4 Bxd5 19.Rxd5 exf4 20.Bxf4 O-O 21.Qxd6 Nb8 22.Rhd1 Qg4
23.Be5 Bxe5 24.Qxe5 Ra7 25.h3 Qxh3 26.Rd8 Nd7 27.Rxf8+ Nxf8 28.Nc6 Qg4 29.Kc1 Rd7
30.Ne7+ Rxe7 31.Qxe7 Ne6 32.Rf1 Nxg5 33.Qd8+ Kg7 34.Qf6+ Kg8 35.e5 h6 36.Qxa6 Ne4
37.Qa8+ Kg7 38.Qd8 Qg2 39.Re1 h5 40.Qd4 Qg5+ 41.Qe3 h4 42.Qxg5 Nxg5 43.Rh1 h3
44.c4 b4 45.a4 bxa3 46.b4 Kf8 47.b5 Ke7 48.c5 Kd7 49.Kb1 Kc7 50.Ka2 Ne6 51.Rxh3 Nxc5
52.Kxa3 Kd7 53.Kb4 Nb7 54.Rd3+ Ke6 55.b6 g5 56.Kb5 g4 57.Kc6 Na5+ 58.Kc7 Kxe5
59.Ra3 Nc4 60.b7 Nxa3 61.b8=Q Nc4 62.Qe8+  1-0

[Event "36th Olympiad"]
[Site "Calvia ESP"]
[Date "2004.10.24"]
[Round "9"]
[White "Pelletier,Y"]
[Black "Kempinski,R"]
[Result "1/2-1/2"]
[WhiteElo "2589"]
[BlackElo "2608"]

1.e4 c5 2.Nf3 d6 3.d4 cxd4 4.Nxd4 Nf6 5.Nc3 a6 6.f3 Qb6 7.g4 h6 8.h4 Nc6
9.Nb3 e5 10.Qe2 Nd4 11.Qf2 Be6 12.Bd3 d5 13.Be3 dxe4  1/2-1/2

[Event "5th Weekend Open"]
[Site "Novara ITA"]
[Date "2004.10.24"]
[Round "5"]
[White "Aceto,L"]
[Black "Bonade,M"]
[Result "0-1"]
[WhiteElo "2150"]
[BlackElo "2093"]

1.e4 c5 2.Nf3 d6 3.d4 cxd4 4.Nxd4 Nf6 5.Nc3 a6 6.f3 e5 7.Nb3 Be6 8.Be3 Nbd7
9.Qd2 Be7 10.O-O-O b5 11.Qf2 Rb8 12.Kb1 Qc7 13.g4 h6 14.h4 Nb6 15.Bxb6 Qxb6
16.Qxb6 Rxb6 17.Nd5 Nxd5 18.exd5 Bd7 19.Bd3 Rf8 20.Rhg1 g5 21.hxg5 Bxg5 22.Rge1 Kd8
23.Rf1 f5 24.Na5 fxg4 25.fxg4 Rxf1 26.Rxf1 Bf4 27.Rg1 Ke7 28.c4 Kf6 29.cxb5 axb5
30.Kc2 Kg5 31.Be2 Be3 32.Rg2 Kf4 33.a4 Bd4 34.Rh2 Bxg4 35.Bxb5 h5 36.Nc4 Rb8
37.Nxd6 Kg3 38.Rd2 h4 39.Ne4+ Kf4 40.Nd6 h3 41.b3 Be3 42.Rh2 Bg1 43.Rh1 h2
44.Nf7 Bf3 45.Rxh2 Bxh2 46.d6 Bd5 47.Bc4 Bxf7 48.Bxf7 Rd8 49.a5 Rxd6 50.b4 e4
51.b5 Bg1 52.Bc4 Ba7 53.Kc3 Ke3 54.b6 Bxb6 55.axb6 Rxb6  0-1

[Event "4th Rohde Open"]
[Site "Sautron FRA"]
[Date "2004.10.24"]
[Round "2"]
[White "Fantin,L"]
[Black "Chabradze,B"]
[Result "1-0"]
[WhiteElo "2175"]
[BlackElo "2131"]

1.e4 c5 2.Nf3 d6 3.d4 cxd4 4.Nxd4 Nf6 5.Nc3 a6 6.f3 e5 7.Nb3 Be6 8.Be3 Nbd7
9.g4 h6 10.Qd2 Be7 11.O-O-O b5 12.Kb1 Nb6 13.Qf2 Rb8 14.Bd3 Nc4 15.Bc1 a5
16.h4 b4 17.Ne2 a4 18.g5 Nh5 19.Nd2 Qc7 20.Nxc4 Bxc4 21.Bxc4 Qxc4 22.Qa7 O-O
23.Rd2 Rfe8 24.Qxa4 hxg5 25.hxg5 Bxg5 26.Rd3 Bxc1 27.Nxc1 Nf4 28.Rxd6 Red8
29.Rdd1 Ne2 30.Qb3 Qb5 31.Nxe2 Qxe2 32.Rde1 Qf2 33.Rhf1 Qg2 34.Rg1 Qh2 35.Qe3 Rd2
36.Rh1 Qf2 37.Qxf2 Rxf2 38.Rhf1 Rg2 39.Rg1 Rf2 40.Rgf1 Rg2 41.Re3 Rd8 42.a3 Rdd2
43.Rc1 bxa3 44.Rxa3 Rdf2 45.b4 Rg3 46.b5 Rfxf3 47.Rxf3 Rxf3 48.Kb2 Kf8 49.c4 Ke7
50.Rd1 f5 51.exf5 Rxf5 52.Kc3 Rf3+ 53.Kb4 e4 54.b6 e3 55.b7 Rf8 56.Kc5 Re8
57.Kc6 Kf6 58.Re1 Re6+ 59.Kb5 Re8 60.c5 e2 61.c6 Re3 62.c7 Rb3+ 63.Kc4  1-0

[Event "4th Rohde Open"]
[Site "Sautron FRA"]
[Date "2004.10.26"]
[Round "4"]
[White "Delorme,Al"]
[Black "Tafforeau,R"]
[Result "1-0"]
[WhiteElo "2252"]
[BlackElo "2022"]

1.e4 c5 2.Nf3 d6 3.d4 cxd4 4.Nxd4 Nf6 5.Nc3 a6 6.f3 e5 7.Nb3 Be6 8.Be3 Nbd7
9.Qd2 b5 10.O-O-O Nb6 11.Qf2 Nfd7 12.Kb1 Qc7 13.f4 exf4 14.Bxf4 Rc8 15.Bxb5 axb5
16.Nxb5 Qc4 17.Nxd6+ Bxd6 18.Bxd6 Qxe4 19.Rhe1 Qg6 20.Nd4 Nc4 21.Bb4 Rb8
22.Nc6 Rxb4 23.Nxb4 O-O 24.Qd4 Ncb6 25.Rd2 Rc8 26.b3 h6 27.h3 Qg5 28.Qd6 Qa5
29.g4 Nc5 30.Qd4 Ra8 31.Red1 Nc4 32.bxc4 Qxb4+ 33.Qb2 Qxb2+ 34.Kxb2 Bxc4
35.Rd8+ Rxd8 36.Rxd8+ Kh7 37.Rc8 Na4+ 38.Ka3 Be6 39.Rc6 Bd7 40.Rd6 Be8 41.Kb4 g6
42.c4 Kg7 43.c5 Kf8 44.c6 Ke7 45.c7 Bd7 46.Rc6 h5 47.gxh5 gxh5 48.c8=Q Bxc8
49.Rxc8 Nb6 50.Rc5  1-0

[Event "36th Olympiad w"]
[Site "Calvia ESP"]
[Date "2004.10.27"]
[Round "12"]
[White "Sergeeva,M"]
[Black "Nguyen Thi Thanh An"]
[Result "0-1"]
[WhiteElo "2308"]
[BlackElo "2345"]

1.e4 c5 2.Nf3 d6 3.d4 cxd4 4.Nxd4 Nf6 5.Nc3 a6 6.f3 e5 7.Nb3 Be6 8.Be3 Nbd7
9.Qd2 Be7 10.O-O-O O-O 11.g4 b5 12.Kb1 b4 13.Nd5 Bxd5 14.exd5 Nb6 15.Bxb6 Qxb6
16.h4 a5 17.Nc1 a4 18.b3 Rfc8 19.g5 Nh5 20.Bh3 Rc5 21.Bd7 axb3 22.cxb3 Nf4
23.Bc6 Raa5 24.Nd3 Nxd3 25.Qxd3 Qa7 26.Qe2 Rc3 27.Qb2 Rxf3 28.Rh2 Bd8 29.Re2 g6
30.Ba4 Rc5 31.Re4 Ba5 32.Qe2 Rfc3 33.Bb5 Rc2 34.Qxc2 Rxc2 35.Kxc2 Bb6 36.Kb1 Bd4
37.Rf1 Qc7 38.Bc6 Qc8 39.Rf3 Kg7 40.Bb5 h6 41.Re1 hxg5 42.hxg5 Qg4 43.Ref1 f5
44.gxf6+ Kf7 45.Bd7 Qe4+ 46.Kc1 Be3+ 47.Kb2 Qd4+ 48.Kc2 Qd2+ 49.Kb1 Qd3+  0-1

[Event "4th Rohde Open"]
[Site "Sautron FRA"]
[Date "2004.10.27"]
[Round "5"]
[White "Bedouin,X"]
[Black "Prodhomme,B"]
[Result "0-1"]
[WhiteElo "2292"]
[BlackElo "2005"]

1.e4 c5 2.Nf3 d6 3.d4 cxd4 4.Nxd4 Nf6 5.Nc3 a6 6.f3 e6 7.Be3 b5 8.g4 h6 9.Qd2 Nbd7
10.O-O-O Bb7 11.h4 b4 12.Na4 Qa5 13.b3 Nc5 14.a3 Rc8 15.axb4 Nxb3+ 16.Nxb3 Qxa4
17.Kb2 d5 18.c3 dxe4 19.Na5 Bd5 20.Ra1 Qd7 21.Bxa6 exf3 22.Bxc8 Qxc8 23.g5 Ne4
24.Qd3 f2 25.Qb5+ Ke7 26.c4 Nd6 27.Bc5 Bxh1 28.Rxh1 f6 29.Nb7 Kf7 30.Bxd6 hxg5
31.Bxf8 Qxf8 32.Qd7+ Kg6 33.Qd3+ f5 34.Nd6 Rxh4 35.Rxh4 gxh4 36.c5 Qf6+ 37.Ka2 Qe5
38.c6 Qe1 39.c7 f1=Q 40.Qxf1 Qxf1 41.c8=Q Qf2+ 42.Kb3 Qg3+ 43.Ka4 Qxd6 44.b5 h3
45.Qe8+ Kf6 46.Qh8 h2 47.Ka5 Qd2+ 48.Ka6 Qh6  0-1

[Event "4th Rohde Open"]
[Site "Sautron FRA"]
[Date "2004.10.27"]
[Round "5"]
[White "Marchadour,E"]
[Black "Delorme,Ax"]
[Result "0-1"]
[WhiteElo "2023"]
[BlackElo "2185"]

1.e4 c5 2.Nf3 d6 3.d4 cxd4 4.Nxd4 Nf6 5.Nc3 a6 6.f3 Qb6 7.Qd3 e6 8.Nb3 Nbd7
9.Be3 Qc7 10.O-O-O b5 11.g4 b4 12.Nb1 h6 13.h4 Bb7 14.Bg2 Ne5 15.Qe2 Nc4
16.g5 Nh5 17.Qf2 Rc8 18.c3 d5 19.gxh6 Nxe3 20.Qxe3 g6 21.Kc2 Bxh6 22.Qd4 O-O
23.Qxb4 Nf4 24.Rhg1 Rfd8 25.Bf1 dxe4 26.Rxd8+ Rxd8 27.fxe4 Bf8 28.Qa4 Qb6
29.Rh1 Bc6  0-1

[Event "36th Olympiad"]
[Site "Calvia ESP"]
[Date "2004.10.29"]
[Round "14"]
[White "Contreras,H"]
[Black "Jiravorasuk,B"]
[Result "1-0"]
[WhiteElo "2307"]
[BlackElo "2323"]

1.e4 c5 2.Nf3 d6 3.d4 cxd4 4.Nxd4 Nf6 5.Nc3 a6 6.f3 e6 7.Be3 Nbd7 8.g4 h6
9.Qd2 b5 10.O-O-O Bb7 11.Bd3 b4 12.Nce2 e5 13.Nf5 d5 14.g5 hxg5 15.Bxg5 dxe4
16.fxe4 Qc7 17.Neg3 Nc5 18.Bxf6 gxf6 19.Kb1 O-O-O 20.h4 Kb8 21.Qe2 Ka7 22.Bc4 Rc8
23.Bd5 Na4 24.Bb3 Nb6 25.h5 Bc6 26.Ne3 Bb5 27.Qd2 Bh6 28.Ngf5 Rcd8 29.Qxb4 Bxe3
30.Nxe3 Rxd1+ 31.Nxd1 Be2 32.Nc3 Bf3 33.Rh3 Rxh5 34.Rxh5 Bxh5 35.a4 Bg6 36.a5 Nc8
37.Nd5 Qd8 38.Qa4 f5 39.Qc6 Nd6 40.Qc5+ Kb8 41.Nb4 f4 42.Bd5  1-0

[Event "36th Olympiad w"]
[Site "Calvia ESP"]
[Date "2004.10.29"]
[Round "14"]
[White "Olsen,M"]
[Black "Gretarsdottir,L"]
[Result "1-0"]
[WhiteElo "1998"]
[BlackElo "2057"]

1.e4 c5 2.Nf3 d6 3.d4 cxd4 4.Nxd4 Nf6 5.Nc3 a6 6.f3 e6 7.Be3 b5 8.g4 Bb7
9.Qd2 Nfd7 10.O-O-O Nb6 11.Qf2 N8d7 12.Bd3 Rc8 13.Nce2 Nc4 14.g5 Nde5 15.Kb1 Qa5
16.Bc1 d5 17.Rhf1 Qc7 18.exd5 Bxd5 19.f4 Nxd3 20.cxd3 Na5 21.Nc3 Bb7 22.Be3 Qd7
23.f5 e5 24.f6 b4 25.Na4 exd4 26.Bxd4 b3 27.a3 Bd5 28.Nb6 Qc6 29.Nxc8 Rg8
30.Rc1 Qb7 31.fxg7 Be7 32.Bf6 Nc6 33.Nxe7 Nxe7 34.Bxe7 Kxe7 35.Qf6+ Kd7 36.Qxf7+ Kd6
37.Rf6+ Ke5 38.Re6+ Kd4 39.Qf4+ Be4 40.Rxe4+  1-0

[Event "8th OIBM"]
[Site "Bad Wiessee GER"]
[Date "2004.10.30"]
[Round "2"]
[White "Rotstein,A"]
[Black "Santl,A"]
[Result "1/2-1/2"]
[WhiteElo "2525"]
[BlackElo "2167"]

1.e4 c5 2.Nc3 d6 3.Nf3 a6 4.d4 cxd4 5.Nxd4 Nf6 6.f3 e5 7.Nb3 Be6 8.Be3 Be7
9.Qd2 O-O 10.O-O-O b5 11.g4 Nbd7 12.g5 Nh5 13.Nd5 Bxd5 14.exd5 Re8 15.Bh3 a5
16.Kb1 a4 17.Na5 Nb6 18.Nc6 Nc4 19.Qb4 Qc7 20.Bc1 Nf4 21.Bf1 Nxd5 22.Nxe7+ Nxe7
23.Bxc4 Qxc4 24.Qxc4 bxc4 25.Rxd6 Nf5 26.Rc6 Nd4 27.Rxc4 Nxf3 28.Re4 f5 29.gxf6 gxf6
30.Rf1 f5 31.Re2 e4 32.c3 Rac8 33.Rd1 Red8 34.Rxd8+ Rxd8 35.Kc2 Kf7 36.b4 Ke6
37.Bf4 Kd5 38.b5 Kc5 39.Bc7 Rd7 40.b6 Kc6 41.Kc1 Rd3 42.Kc2 Rd7 43.Kc1 Rd3
44.Kc2 Rd7  1/2-1/2

[Event "Venetian Autumn Open"]
[Site "Venice ITA"]
[Date "2004.11.01"]
[Round "6"]
[White "Alberton,R"]
[Black "Quaranta,C"]
[Result "1-0"]
[WhiteElo "2125"]
[BlackElo "2091"]

1.e4 c5 2.Nf3 d6 3.d4 cxd4 4.Nxd4 Nf6 5.Nc3 a6 6.f3 e5 7.Nb3 Be6 8.Be3 Nbd7
9.g4 Nb6 10.g5 Nfd7 11.Qd2 Be7 12.h4 Rc8 13.O-O-O Nc4 14.Bxc4 Rxc4 15.Nd5 Bxd5
16.Qxd5 Qc7 17.Rh2 b5 18.Kb1 O-O 19.h5 Nb6 20.Qd3 Ra8 21.g6 Bf8 22.gxh7+ Kh8
23.h6 g6 24.f4 exf4 25.Bd4+  1-0

[Event "WYg16"]
[Site "Heraklio GRE"]
[Date "2004.11.04"]
[Round "1"]
[White "Iza Abete,A"]
[Black "Abrahamyan,T"]
[Result "0-1"]
[WhiteElo "2012"]
[BlackElo "2238"]

1.e4 c5 2.Nf3 d6 3.d4 cxd4 4.Nxd4 Nf6 5.Nc3 a6 6.f3 e5 7.Nb3 Be6 8.Be3 Nbd7
9.Nd5 Bxd5 10.exd5 Rc8 11.c4 g6 12.Bd3 Bg7 13.O-O O-O 14.f4 exf4 15.Bxf4 Qb6+
16.Kh1 Nh5 17.Bd2 Bxb2 18.Rb1 Be5 19.Qg4 Qc7 20.Bh6 Bg7 21.Bxg7 Nxg7 22.Rbc1 Nc5
23.Qd4 b6 24.Rf3 Rfe8 25.Rcf1 Nxd3 26.Qxd3 Qxc4 27.Qxc4 Rxc4 28.Rxf7 Nf5
29.Rb7 b5 30.g4 Rxg4 31.Rb6 Re2  0-1

[Event "TCh-SWE Elitserien 2004-5"]
[Site "Skara SWE"]
[Date "2004.11.05"]
[Round "1"]
[White "Winge,S"]
[Black "Nylen,A"]
[Result "0-1"]
[WhiteElo "2285"]
[BlackElo "2205"]

1.e4 c5 2.Nf3 d6 3.d4 cxd4 4.Nxd4 Nf6 5.Nc3 a6 6.f3 e5 7.Nb3 Be6 8.Be3 Nbd7
9.g4 Be7 10.g5 Nh5 11.Qd2 Rc8 12.O-O-O Nb6 13.Rg1 O-O 14.Qf2 Nc4 15.Bxc4 Bxc4
16.Nd5 Bxd5 17.Rxd5 b5 18.h4 Rc6 19.Qd2 Qb8 20.Na5 Rc7 21.Kb1 Rfc8 22.c3 Nf4
23.Bxf4 exf4 24.Rd1 Qb6 25.Nb3 Rc4 26.Nd4 g6 27.a3 R4c5 28.Rxc5 dxc5 29.Ne2 Rd8
30.Qc1 Rxd1 31.Qxd1 Qd6 32.Qd5 Qxd5 33.exd5 f6 34.Nxf4 fxg5 35.hxg5 Bxg5
36.Ne6 Be7 37.Kc2 Bd6 38.Kd3 h5 39.Ke4 Kf7 40.f4 Ke7 41.Ng5 h4 42.Kf3 c4
43.Kg4 Kd7 44.Ne4 h3 45.Kxh3 Bxf4  0-1

[Event "WYg12"]
[Site "Heraklio GRE"]
[Date "2004.11.06"]
[Round "3"]
[White "Repina,V"]
[Black "Korchagina,V"]
[Result "1/2-1/2"]
[WhiteElo "2064"]
[BlackElo "1992"]

1.e4 c5 2.Nf3 d6 3.d4 cxd4 4.Nxd4 Nf6 5.Nc3 a6 6.f3 e5 7.Nb3 Be6 8.Be3 Be7
9.Qd2 O-O 10.O-O-O b5 11.Nd5 Bxd5 12.exd5 Nbd7 13.Na5 Qc7 14.Nc6 Rfe8 15.Kb1 Nb6
16.Bxb6 Qxb6 17.c4 bxc4 18.Bxc4 Nd7 19.Rc1 Nc5 20.g4 e4 21.f4 Bh4 22.Rc3 Na4
23.Rh3 Bf6 24.Rb3 e3 25.Qe2 Qc7 26.g5 Bxb2 27.Qc2 e2 28.Re1 Bc3 29.Rxc3 Nxc3+
30.Qxc3 Qb6+ 31.Ka1 Qf2 32.Qd2 Qxh2 33.f5 Qg2 34.f6 Qe4 35.Qxe2 Qxe2 36.Rxe2 Rxe2
37.Bxe2 Kf8 38.Kb2 g6 39.a4 h5 40.gxh6 Kg8 41.a5 Kh7 42.Kc3 Kxh6 43.Nb4 g5
44.Nxa6 Kg6 45.Kb4 Kxf6 46.Nc7 Rb8+ 47.Nb5 Ke5 48.a6 f5 49.a7 Ra8 50.Kc4 g4
51.Kd3 Kf4 52.Bf1 Kf3 53.Nxd6 Kf2 54.Nxf5 Rxa7 55.Ke4 Kxf1 56.Ne3+ Ke2  1/2-1/2

[Event "WYg16"]
[Site "Heraklio GRE"]
[Date "2004.11.10"]
[Round "7"]
[White "Bjeloglav,M"]
[Black "Abrahamyan,T"]
[Result "0-1"]
[WhiteElo "2067"]
[BlackElo "2238"]

1.e4 c5 2.Nf3 d6 3.d4 cxd4 4.Nxd4 Nf6 5.Nc3 a6 6.f3 e5 7.Nb3 Be6 8.Be3 Nbd7
9.Qd2 b5 10.g4 Nb6 11.Qf2 Nfd7 12.h4 b4 13.Nd1 d5 14.exd5 Nxd5 15.Bd3 Be7
16.g5 O-O 17.Qe2 a5 18.Nf2 a4 19.Nd2 Nxe3 20.Qxe3 Bc5 21.Qe2 Bd4 22.Ng4 Nc5
23.Ne4 Nxd3+ 24.cxd3 Bxg4 25.fxg4 a3 26.h5 axb2 27.Rb1 b3 28.axb3 Ra1 29.Qd1 Qc8
30.Kd2 Rxb1 31.Qxb1 Qxg4 32.Qf1 b1=Q 33.Qxb1 Qg2+  0-1

[Event "Bundesliga 2004-5"]
[Site "Baden Oos GER"]
[Date "2004.11.12"]
[Round "7"]
[White "Schmaltz,R"]
[Black "Balzar,A"]
[Result "1-0"]
[WhiteElo "2528"]
[BlackElo "2352"]

1.e4 c5 2.Nf3 d6 3.d4 cxd4 4.Nxd4 Nf6 5.Nc3 a6 6.f3 e5 7.Nb3 Be6 8.Be3 Nbd7
9.Qd2 b5 10.O-O-O Rc8 11.g4 Nb6 12.g5 Nfd7 13.Kb1 Be7 14.f4 exf4 15.Bxf4 Ne5
16.Nd4 Nbc4 17.Qc1 O-O 18.Nd5 b4 19.Nf5 Bxd5 20.Rxd5 Qc7 21.h4 Rfe8 22.h5 Bf8
23.Rh3 Re6 24.Rg3 Nb6 25.Rd4 Nc6 26.Rd1 Rd8 27.Bd3 Ne5 28.Be2 Na4 29.Ka1 Nc5
30.Qe3 a5 31.Rdg1 Na4 32.Qb3 Nc5 33.Qd5 g6 34.Nh6+ Kh8 35.Bxe5+  1-0

[Event "WYb18"]
[Site "Heraklio GRE"]
[Date "2004.11.12"]
[Round "10"]
[White "Brandenburg,D"]
[Black "Pashikian,A"]
[Result "1/2-1/2"]
[WhiteElo "2340"]
[BlackElo "2473"]

1.e4 c5 2.Nf3 d6 3.d4 cxd4 4.Nxd4 Nf6 5.Nc3 a6 6.f3 e6 7.Be3 Nc6 8.Qd2 Be7
9.g4 Nxd4 10.Bxd4 O-O 11.g5 Nd7 12.h4 b5 13.O-O-O Qc7 14.h5 b4 15.Ne2 Qa5
16.Kb1 Bxg5 17.f4 Bh6 18.Bg2 e5 19.Be3 Nf6 20.f5 Bxe3 21.Qxe3 Qc5 22.Qd2 h6
23.Qxd6 Qxd6 24.Rxd6 Bb7 25.Ng3 Rfb8 26.Rhd1 Kf8 27.b3 a5 28.Rb6 Ba6 29.Rdd6 Rxb6
30.Rxb6 Ke7 31.a3 bxa3 32.Rc6 Bb5 33.Rc5 Be8 34.Ka2 Nd7 35.Rc3 Kf6 36.Nf1 g6
37.fxg6 fxg6 38.hxg6 Bxg6 39.Ne3 h5 40.Nd5+ Kg5 41.Rg3+ Kh6 42.Kxa3 Nc5 43.Ne7 Bxe4
44.Bxe4 Nxe4 45.Nf5+ Kh7 46.Rg7+ Kh8 47.Re7 Nd2 48.Rxe5 a4 49.Kb2 axb3 50.cxb3 Rb8
51.Nd6 Nxb3  1/2-1/2

[Event "WYg16"]
[Site "Heraklio GRE"]
[Date "2004.11.13"]
[Round "11"]
[White "Dauletova,G"]
[Black "Rivera,I"]
[Result "1-0"]
[WhiteElo "2063"]
[BlackElo "2144"]

1.e4 c5 2.Nf3 d6 3.d4 cxd4 4.Nxd4 Nf6 5.Nc3 a6 6.f3 e5 7.Nb3 Be6 8.Be3 b5
9.g4 b4 10.Na4 Nbd7 11.g5 Nh5 12.Qd2 Be7 13.Rg1 O-O 14.O-O-O Qc7 15.Qxb4 Rfc8
16.Qd2 Qc6 17.Nc3 a5 18.Bb5 Qb7 19.a4 Bc4 20.Nd5 Bd8 21.Nc3 Bxb5 22.Nxb5 Rc6
23.Kb1 Raa6 24.Qd5 Be7 25.Nd2 Nb6 26.Qb3 Ra8 27.Nc3 Rb8 28.Nd5 Nxd5 29.Qxb7 Nc3+
30.bxc3 Rxb7+ 31.Nb3 Rxc3 32.Rge1 Rc4 33.Kb2 Rxa4 34.Ra1 Rxa1 35.Rxa1 Bd8
36.Bd2 Nf4 37.Bxa5 Bxg5 38.Bc7 f5 39.Bxd6 fxe4 40.fxe4 Ng6 41.c4 Be3 42.Ra5  1-0

[Event "Bundesliga 2004-5"]
[Site "Preetzer GER"]
[Date "2004.11.13"]
[Round "1"]
[White "Wegener,O"]
[Black "Heinemann,T"]
[Result "1/2-1/2"]
[WhiteElo "2417"]
[BlackElo "2453"]

1.e4 c5 2.Nf3 d6 3.d4 cxd4 4.Nxd4 Nf6 5.Nc3 a6 6.f3 e5 7.Nb3 Be6 8.Be3 Nbd7
9.g4 Be7 10.Qd2 O-O 11.O-O-O b5 12.g5 b4 13.Ne2 Ne8 14.f4 exf4 15.Nxf4 Bxb3
16.cxb3 Bxg5 17.Rg1 a5 18.Kb1 Ne5 19.Qg2 Bxf4 20.Bxf4 Qf6 21.Qg3 g6 22.Rd5 Ng7
23.Be2 Ne6 24.Be3 Nc7 25.Rd4 Qe7 26.h4 Ne6 27.Rd5 Rfc8 28.h5 Nc5 29.hxg6 fxg6
30.Bd4 Nxe4 31.Qe3 Nf6 32.Rb5 Re8 33.Qh6 Qf8 34.Qh2 Nfd7 35.Rf1 Qe7 36.Rb7 Rf8
37.Rh1 Rf7 38.Rg1 Rc8 39.Bc4 Rxc4 40.bxc4 Qe6 41.Bxe5 Nxe5 42.Rxf7 Qxf7 43.Qh4 Nxc4
44.Re1 Ne5 45.Qd8+ Kg7 46.Qxd6 Qf5+ 47.Ka1 Nf7 48.Qd4+ Qf6 49.Qc5 Qa6 50.Qd4+ Qf6
51.Qc5 Qa6 52.Qd4+ Qf6  1/2-1/2

[Event "Open"]
[Site "Calcutta IND"]
[Date "2004.11.16"]
[Round "10"]
[White "Saptarshi,R"]
[Black "Laxman,R"]
[Result "1-0"]
[WhiteElo "2425"]
[BlackElo "2424"]

1.e4 c5 2.Nf3 d6 3.d4 cxd4 4.Nxd4 Nf6 5.Nc3 a6 6.Be3 Ng4 7.Bc1 Nf6 8.f3 e6
9.Be3 Be7 10.Qd2 b5 11.g4 Nfd7 12.O-O-O Nb6 13.Bd3 Bb7 14.g5 N8d7 15.Qf2 Rc8
16.h4 Nc4 17.Bxc4 Rxc4 18.Kb1 Rxc3 19.bxc3 Ne5 20.Nb3 Nc4 21.Bc1 d5 22.Qg3 O-O
23.h5 Bd6 24.Qh3 Ba3 25.g6 Bxc1 26.Rxc1 Qf6 27.Nd4 b4 28.h6 hxg6 29.Rcg1 Na3+
30.Ka1 Nb5 31.hxg7 Qxg7 32.e5 Re8 33.f4 bxc3 34.f5  1-0

[Event "Open"]
[Site "Calcutta IND"]
[Date "2004.11.16"]
[Round "10"]
[White "Hossain,Enam"]
[Black "Dao Thien Hai"]
[Result "0-1"]
[WhiteElo "2413"]
[BlackElo "2601"]

1.e4 c5 2.Nf3 d6 3.d4 cxd4 4.Nxd4 Nf6 5.Nc3 a6 6.Be3 Ng4 7.Bc1 Nf6 8.f3 e5
9.Nb3 Be6 10.Be3 Be7 11.Qd2 O-O 12.O-O-O Qc7 13.g4 Rc8 14.g5 Nh5 15.Nd5 Bxd5
16.exd5 Nd7 17.Bh3 a5 18.Qd3 b5 19.Bg4 a4 20.Nd2 Nf4 21.Bxf4 exf4 22.Bxd7 Qxd7
23.h4 Bd8 24.Ne4 Bb6 25.Kb1 b4 26.Rh2 a3 27.b3 Qe7 28.Re2 Be3 29.Rxe3 fxe3
30.Qxe3 Qe5 31.Qd4 Qh2 32.Rc1 Rab8 33.h5 Rd8 34.h6 Qe5 35.Qxe5 dxe5 36.hxg7 Kxg7
37.d6 h5 38.Rh1 Kg6 39.c4 bxc3 40.Kc2 Rb4 41.Kxc3 Rd4 42.b4 Rc8+ 43.Nc5 Rxd6
44.Kb3 Rd4 45.Kxa3 Rb8 46.Re1 Rdxb4 47.Nd7 Rb1 48.Nxe5+ Kf5 49.Rxb1 Rxb1
50.Nxf7 h4  0-1

[Event "Acropolis WGM Open"]
[Site "Athens GRE"]
[Date "2004.11.18"]
[Round "3"]
[White "Stefanidi,MA"]
[Black "Mietzner,T"]
[Result "1-0"]
[WhiteElo "2092"]
[BlackElo "2235"]

1.e4 c5 2.Nf3 d6 3.d4 Nf6 4.Nc3 cxd4 5.Nxd4 a6 6.f3 e6 7.Be3 Be7 8.Qd2 Qc7
9.O-O-O O-O 10.g4 b5 11.g5 Nfd7 12.h4 Nb6 13.h5 b4 14.Nb1 d5 15.g6 e5 16.Nf5 d4
17.gxf7+ Rxf7 18.Nxe7+ Qxe7 19.Bg5 Qc5 20.Rg1 Nc6 21.Bd3 Be6 22.b3 a5 23.Qg2 a4
24.Bh6 Raa7 25.Rdf1 axb3 26.axb3 Bxb3 27.f4 Ba2 28.fxe5 Rxf1+ 29.Qxf1 Qxe5
30.Qf5 Qxf5 31.exf5 Kf8 32.Bf4 Nd5 33.Bd6+ Kf7 34.Nd2 Nf6 35.Nf3 Nxh5 36.Be4 Ra6
37.Bxc6 Rxc6 38.Ne5+  1-0

[Event "ch-CRO"]
[Site "Zagreb CRO"]
[Date "2004.11.18"]
[Round "3"]
[White "Fercec,N"]
[Black "Brkic,A"]
[Result "1-0"]
[WhiteElo "2477"]
[BlackElo "2454"]

1.e4 c5 2.Nf3 d6 3.d4 cxd4 4.Nxd4 Nf6 5.Nc3 a6 6.f3 e5 7.Nb3 Be6 8.Be3 Be7
9.Qe2 O-O 10.O-O-O Nbd7 11.g4 Qc7 12.h4 b5 13.h5 Bc4 14.Qg2 b4 15.Bxc4 Qxc4
16.g5 bxc3 17.gxf6 Nxf6 18.Rdg1 cxb2+ 19.Kb1 Ne8 20.Bh6 g6 21.hxg6 hxg6 22.Qh2 Ng7
23.Be3  1-0

[Event "Stek Cup"]
[Site "Tula RUS"]
[Date "2004.11.19"]
[Round "4"]
[White "Yagupov,I"]
[Black "Zaitsev,A2"]
[Result "1/2-1/2"]
[WhiteElo "2509"]
[BlackElo "2329"]

1.e4 c5 2.Nf3 d6 3.d4 cxd4 4.Nxd4 Nf6 5.Nc3 a6 6.f3 e5 7.Nb3 Be6 8.Be3 h5
9.Nd5 Bxd5 10.exd5 Nbd7 11.Qd2 a5 12.Bb5 a4 13.Nc1 Be7 14.c4 O-O 15.Ne2 e4
16.f4 Ng4 17.Bd4 Bh4+ 18.g3 Bf6 19.O-O Nc5 20.h3 Nh6 21.f5 Nd3 22.Qe3 Nxb2
23.Qxe4 a3 24.Rf3 Kh8 25.Rc1 Na4 26.Rxa3 Nc5 27.Rxa8 Qxa8 28.Qf3 Bxd4+ 29.Nxd4 Qxa2
30.f6 Qb2 31.fxg7+ Kxg7 32.Ne2 Ra8 33.Rf1 Ra3 34.Qxh5 Ra2 35.Be8 Ne4 36.Rxf7+ Nxf7
37.Qxf7+ Kh8  1/2-1/2

[Event "XXI WJun Women"]
[Site "Kochin IND"]
[Date "2004.11.20"]
[Round "1"]
[White "Stiri,A"]
[Black "Koneru,C"]
[Result "1-0"]
[WhiteElo "2201"]
[BlackElo "2107"]

1.e4 c5 2.Nf3 d6 3.d4 cxd4 4.Nxd4 Nf6 5.Nc3 a6 6.f3 e5 7.Nb3 Be6 8.Be3 h5
9.Qd2 Nbd7 10.O-O-O b5 11.Kb1 Rc8 12.Bd3 Be7 13.h3 h4 14.Rhe1 Qc7 15.Bf2 b4
16.Nd5 Bxd5 17.exd5 a5 18.Bb5 Nh5 19.Nc5 dxc5 20.d6 Qb7 21.Bxd7+ Qxd7 22.Rxe5  1-0

[Event "ch-ROM w KO"]
[Site "Brasov ROM"]
[Date "2004.11.22"]
[Round "2.1"]
[White "Vasiesiu,C"]
[Black "Calotescu,A"]
[Result "1-0"]
[WhiteElo "2171"]
[BlackElo "2294"]

1.e4 c5 2.Nf3 d6 3.d4 Nf6 4.Nc3 cxd4 5.Nxd4 a6 6.f3 e5 7.Nb3 Be6 8.Be3 Nbd7
9.Qd2 b5 10.g4 Nb6 11.g5 Nh5 12.Nd5 Nxd5 13.exd5 Bd7 14.O-O-O a5 15.Qd3 Be7
16.Rg1 Qb8 17.Nd2 O-O 18.Ne4 b4 19.Kb1 a4 20.f4 exf4 21.Bd4 f5 22.gxf6 Bxf6
23.Ng5 Bxg5 24.Rxg5 Nf6 25.Bh3 Qb5 26.Rdg1 Qxd3 27.Rxg7+ Kh8 28.Rg8+ Rxg8
29.Bxf6+ Rg7 30.cxd3 Bxh3 31.Rxg7 Rf8 32.Rg6+ Rxf6 33.Rxf6 b3 34.Rxf4 Kg7
35.Rxa4 Kf6 36.axb3 Ke5 37.Rh4 Bf1 38.Kc2 Kxd5 39.Rxh7  1-0